[Event "FIDE WCC 2018"]
[Site "Khanty-Mansiysk"]
[Date "2018.11.19"]
[Round "6.1"]
[White "Ju, Wenjun"]
[Black "Lagno, Kateryna"]
[Result "1/2-1/2"]
[WhiteElo "2568"]
[BlackElo "2556"]
[Annotator "TA"]
[PlyCount "71"]
[EventDate "2018.11.03"]
[EventType "k.o."]
[EventCountry "RUS"]
[SourceTitle "playchess.com"]
[Source "ChessBase"]
[SourceQuality "1"]

{[%evp 9,71,25,50,44,39,43,43,46,41,40,37,10,36,11,19,0,0,7,43,35,36,33,53,35,56,0,31,20,23,0,0,0,0,0,0,-79,16,-135,0,0,0,0,2,0,31,34,42,52,54,52,56,55,74,61,104,64,99,54,55,60,68,52,31,25]} 1. d4 Nf6 2. c4 g6 3. Nc3 Bg7 4. g3 c6 (4... O-O 5. Bg2 Nc6 6. Nf3 d5 7. cxd5 Nxd5 8. O-O e5 9. Nxe5 Nxc3 10. Nxc6 Nxd1 11. Nxd8 Rxd8 12. Rxd1 Rxd4 13. Be3 Rxd1+ 14. Rxd1 Bf6 15. Bd4 Bxd4 16. Rxd4 {½-½ (41) Mamedyarov,S (2814)-Carlsen,M (2843) Shamkir 2018}) 5. e4 {[%cal Be2e4,Be4e5][%mdl 32]} d5 6. cxd5 {E61: King's Indian: Early deviations for White, including Smyslov System} cxd5 7. e5 Ne4 8. Nge2 Nc6 9. Bg2 Bg4 10. f3 Nxc3 11. Nxc3 $146 ({Predecessor:} 11. bxc3 Bd7 {1-0 (64) Rakhmanov,A (2667)-Kozul,Z (2613) Tallinn 2016}) 11... Be6 12. f4 Qb6 13. Bxd5 Rd8 14. Bxe6 fxe6 15. Be3 Qxb2 16. Ne2 Bh6 17. Bf2 (17. Qb1 $14 Qa3 18. Qb3 (18. Qxb7 Nxe5 19. Qb3 Qxb3 $11) 18... Qxb3 19. axb3) 17... g5 18. Rb1 Qa3 19. Qb3 Qa5+ 20. Kf1 gxf4 21. gxf4 Rf8 22. Qf3 {[#]} ({But not} 22. Qxb7 Qd5 $17) (22. Qxe6 $11 {remains equal.} Bxf4 23. Rxb7) 22... Qxa2 ({Black should play} 22... Bxf4 $1 $17 {[%mdl 512] White must now prevent ...Nxd4!} 23. Kg2 (23. Nxf4 Rxd4) 23... Bd2) 23. Kg2 $2 {[#]} (23. Rxb7 $11 Qa6 24. Qh5+ Rf7 25. Rb1) 23... Qd5 (23... Rg8+ $1 $17 24. Kh3 Qc2 25. Qh5+ Rg6 26. Rxb7 Qd3+ 27. Ng3 Bxf4) 24. Qxd5 $11 Rxd5 25. Rxb7 Bxf4 26. Rc7 $36 {[%mdl 2048] White is pushing.} Nd8 27. Rxa7 Rd7 28. Ra8 Rb7 29. Rha1 {And now Rxd8+! would win.} Bh6 30. R1a2 Kf7 31. Rc2 Kg6 32. Ra3 Kg7 33. Rg3+ Kf7 {White is slightly better.} 34. Rf3+ Ke8 35. Rh3 Rg8+ 36. Rg3 {Accuracy: White = 49%, Black = 47%.} 1/2-1/2

[Event "FIDE WCC 2018"]
[Site "Khanty-Mansiysk"]
[Date "2018.11.20"]
[Round "6.2"]
[White "Lagno, Kateryna"]
[Black "Ju, Wenjun"]
[Result "1-0"]
[WhiteElo "2556"]
[BlackElo "2568"]
[Annotator "TA"]
[PlyCount "117"]
[EventDate "2018.11.03"]
[EventType "k.o."]
[EventCountry "RUS"]
[SourceTitle "playchess.com"]
[Source "ChessBase"]
[SourceQuality "1"]

{[%evp 21,117,0,2,0,18,0,0,0,0,0,28,18,21,15,28,13,28,28,29,28,28,28,28,28,28,28,28,28,38,28,41,39,43,44,40,39,49,49,49,49,52,48,46,45,45,47,49,45,72,72,65,79,124,123,123,124,128,120,128,126,126,126,128,127,127,124,152,120,145,140,165,156,270,285,458,438,443,435,403,368,368,358,419,368,898,839,1270,1038,740,458,5122,5019,5115,5043,4590,1770,4133,2178]} 1. Nf3 Nf6 2. g3 d5 3. Bg2 c5 4. O-O Nc6 5. d4 e6 6. c4 dxc4 7. dxc5 Qxd1 {E04: Open Catalan: 5 Nf3} 8. Rxd1 Bxc5 9. Nfd2 Na5 10. Na3 Bxa3 11. bxa3 O-O {LiveBook: 3 Games} 12. Ne4 e5 $146 ({Predecessor:} 12... Nxe4 13. Bxe4 e5 14. Bb2 Nc6 15. f3 {½-½ (37) Dominguez Perez,L (2739)-Anand,V (2768) Saint Louis 2018}) 13. Bd2 Nxe4 14. Bxe4 Nc6 15. Bc3 Be6 16. Bxc6 bxc6 17. Bxe5 Rfd8 18. Bc3 f6 19. f3 Kf7 20. Kf2 Rxd1 21. Rxd1 $11 {[%mdl 4096] Endgame KRB-KRB} Rb8 22. g4 c5 23. h4 h6 24. a4 {[%cal Ba3a4,Ba4a5][%mdl 32]} Ke7 25. a5 Rb7 26. Rg1 Rd7 27. g5 hxg5 28. hxg5 Kf7 29. gxf6 gxf6 30. Rh1 Kg7 31. Rb1 Kf7 32. Rb5 Rc7 33. Rb8 Re7 34. Rh8 Kg6 35. Rf8 Rf7 36. Rg8+ Kh7 37. Rd8 Kg6 38. Rd6 Re7 39. Rc6 Kf7 40. Rxc5 Rd7 41. Rc6 f5 42. Ke3 Re7 43. Kf4 Rd7 44. Rc5 Rd8 45. Rb5 Rd7 46. a6 Kg6 {[#]} (46... Re7 $16 47. Bb4 Rd7) 47. Ke5 $1 $18 {[%cal Re5e6]} Re7 $2 (47... Bf7 48. Rb7 Be8) 48. Rb7 Re8 49. Rxa7 Bf7+ 50. Kd4 Rxe2 51. a4 Re6 52. Kc5 Be8 $2 {[#]} (52... Re8 53. Rc7 Rd8) 53. Rg7+ {White is clearly winning.} Kh6 54. a7 Ra6 55. Re7 Rc6+ (55... Rxa4 $142 56. Rxe8 Rxa7 57. Kxc4 Ra4+ 58. Kb3 Ra7 59. Re6+ Kg5 60. Bd2+ f4) 56. Kb4 Rc8 57. Rb7 Ra8 58. Rb8 Bc6 59. Rb6 {Precision: White = 88%, Black = 49%.} 1-0

[Event "FIDE WCC 2018"]
[Site "Khanty-Mansiysk"]
[Date "2018.11.21"]
[Round "6.3"]
[White "Ju, Wenjun"]
[Black "Lagno, Kateryna"]
[Result "1/2-1/2"]
[WhiteElo "2568"]
[BlackElo "2556"]
[Annotator "TA"]
[PlyCount "136"]
[EventDate "2018.11.03"]
[EventType "k.o."]
[EventCountry "RUS"]
[SourceTitle "playchess.com"]
[Source "ChessBase"]
[SourceQuality "1"]

{[%evp 18,136,17,0,6,8,2,0,11,0,22,16,27,32,63,67,193,192,172,91,105,106,120,113,295,136,125,125,135,127,140,128,137,138,102,14,89,0,10,31,136,138,130,107,101,94,210,214,191,152,147,136,123,101,79,89,104,81,90,93,118,113,114,97,90,90,90,90,90,90,90,90,90,90,249,249,247,247,243,8,8,8,8,8,56,0,0,0,56,56,56,56,56,56,56,56,56,56,56,56,56,56,56,56,56,56,56,56,56,8,8,8,8,8,8,8,8,8,8,8,8]} 1. d4 Nf6 2. c4 g6 3. Nc3 Bg7 4. e4 d6 5. Bd3 O-O 6. Nge2 c5 7. d5 e6 8. Bg5 h6 {E70: King's Indian: Miscellaneous lines with 4 e4, including 5 Nge2 and 5 Bd3 0-0 6 Nge2} 9. Bh4 exd5 10. Nxd5 {LiveBook: 4 Games} (10. exd5 Nbd7 11. f4 g5 12. Bg3 Ng4 13. O-O gxf4 14. Bxf4 Nde5 15. Bc2 Ng6 16. Qd3 {0-1 (39) Dragun,K (2609)-Adhiban,B (2671) Abu Dhabi 2016}) 10... g5 11. Bg3 Nxd5 12. cxd5 Bxb2 13. h4 $146 ({Predecessor:} 13. Rb1 Qa5+ 14. Kf1 Be5 15. h4 g4 16. Qc1 Kg7 {1-0 (41) Kuoppamaki,P-Simula,P Finland 1998}) 13... g4 14. Rb1 Bg7 $1 15. O-O Re8 16. Nf4 c4 (16... Nd7 $14) 17. Bxc4 $18 Rxe4 18. Bd3 (18. Qc2 $1 $18 {[%cal Rc2e4]} Re5 19. Ne6 fxe6 20. Bxe5 Bxe5 21. dxe6) 18... Re5 $16 19. f3 {[%mdl 1024] White has strong compensation.} h5 20. Be2 Qd7 $2 (20... Nd7 $16 {keeps fighting.}) 21. Rb4 (21. fxg4 $18 hxg4 22. Bf2) 21... Na6 {[%cal Bb8a6,Ba6c5,Bc5e4][%mdl 32]} 22. Re4 Rxe4 23. fxe4 Nc5 24. e5 dxe5 ({Of course not} 24... Bxe5 25. Nxh5 Bh8 26. Qc1) 25. Nxh5 Ne4 26. Be1 (26. d6 $16) 26... f5 (26... a5 $11 {remains equal.}) 27. Nxg7 ({White should try} 27. Qc2 $1 $16) 27... Qxg7 28. Bd3 {Bxe4 is the strong threat.} Bd7 ({Better is} 28... Nd6 $1 $14) 29. Bxe4 fxe4 30. Bg3 Rf8 31. Re1 Bb5 (31... Bf5 $16) 32. Qb3 $1 $18 Bd3 33. d6+ Qf7 34. Qc3 ({Resist} 34. Bxe5 $6 Qxb3 35. axb3 Kf7 $14) 34... Qe6 35. Qxe5 Qxe5 36. Bxe5 $16 {[%mdl 4096] Endgame KRB-KRB} Kf7 37. g3 Ke6 38. Bf4 $1 b5 39. h5 {[%cal Bh4h5,Bh5h6][%mdl 32]} a5 40. h6 b4 41. Rc1 $1 {[%cal Rc1c7]} a4 42. Rc7 {Strongly threatening Re7+.} b3 43. axb3 axb3 {White must now prevent ...b2.} 44. Re7+ Kd5 45. Rb7 {Hoping for d7.} e3 $2 (45... Kc4 $16) 46. Rxb3 $18 (46. Bxe3 Bc2 $14) 46... Ke4 {[#]} 47. Kg2 $1 e2 {[#]} 48. Rb4+ $2 (48. Rb7 $1 $18) 48... Kd5 $132 {[%mdl 2048] Black puts up resistance} 49. Kf2 $1 {Threatens to win with Rb7.} Re8 $1 50. Bd2 Rf8+ 51. Bf4 (51. Rf4 $14 Rxf4+ 52. Bxf4 (52. gxf4 Kxd6 53. Ke3 Bf5 $11)) 51... Re8 $1 52. Bd2 (52. Ke1 $11 Ra8 53. Kf2) 52... Rf8+ $14 53. Rf4 Rxf4+ 54. Bxf4 {KB-KB} Ke6 55. Ke1 Kd7 56. Be5 Ke6 57. Kd2 Kd7 58. Bc3 e1=Q+ 59. Kxe1 Kxd6 60. Kd2 Bh7 61. Ke3 Ke6 62. Kf4 Kf7 63. Kxg4 Bc2 {The position is equal.} 64. Kf4 Bb1 65. g4 Bc2 66. g5 Bb1 67. Ke5 Bc2 68. Kd6 Bb1 {Accuracy: White = 66%, Black = 58%.} 1/2-1/2

[Event "FIDE WCC 2018"]
[Site "Khanty-Mansiysk"]
[Date "2018.11.22"]
[Round "6.4"]
[White "Lagno, Kateryna"]
[Black "Ju, Wenjun"]
[Result "0-1"]
[WhiteElo "2556"]
[BlackElo "2568"]
[Annotator "TA"]
[PlyCount "64"]
[EventDate "2018.11.03"]
[EventType "k.o."]
[EventCountry "RUS"]
[SourceTitle "playchess.com"]
[Source "ChessBase"]
[SourceQuality "1"]

{[%evp 12,64,16,9,6,14,15,8,20,10,15,14,40,-3,25,-8,33,0,0,0,0,-35,-27,-18,-20,-27,-12,-174,-75,-78,-93,-93,-70,-87,-75,-95,0,0,0,0,0,0,0,-40,0,-830,-516,-29990,-29991,-29991,-29992,-29996,-29997,-29997,-29998]} 1. e4 c5 2. Nf3 Nc6 3. Bb5 g6 4. O-O Bg7 5. Re1 e5 6. a3 Nge7 7. Nc3 O-O {B31: Sicilian: 2...Nc6 3 Bb5 g6} 8. Bc4 (8. b4 d6 9. Rb1 Nd4 10. bxc5 dxc5 11. h3 Nxb5 12. Nxb5 b6 13. d3 Nc6 14. a4 Kh8 15. Bb2 {1-0 (46) Najer,E (2663)-Dubov,D (2709) Moscow 2018}) 8... d6 9. d3 h6 {The position is equal.} 10. Nd5 Kh7 11. c3 f5 12. exf5 gxf5 $146 ({Predecessor:} 12... Bxf5 13. b4 Be6 14. Nxe7 Qxe7 15. Bxe6 Qxe6 16. bxc5 dxc5 {0-1 (37) Boleslavsky,I-Taimanov,M Lugansk (Voroshilovgrad) 1955}) 13. b4 {[%cal Bb2b4,Bb4b5][%mdl 32]} Ng6 14. b5 Na5 15. Ba2 $1 Be6 16. Qa4 b6 17. Bd2 Rg8 18. Rad1 ({Not} 18. Nxb6 $2 Bxa2 19. Rxa2 (19. Nxa8 $2 Bb3 $19 {[%mdl 64] Trapped Piece}) 19... axb6 $19) 18... Qd7 19. Nh4 $2 {[#]} (19. Kh1 $11) 19... Bh8 (19... c4 $1 $19 {[%mdl 512] has better winning chances.} 20. Nxg6 (20. Bxc4 Nxc4) 20... Bxd5 21. dxc4 Be6) 20. Nxg6 $17 Rxg6 21. Qh4 Rag8 {And now ...Qf7 would win.} 22. g3 Qf7 23. c4 Bf6 ({Black should play} 23... f4 $17 {Threatens to win with ...Rg4.} 24. Bxa5 Rf8) 24. Nxf6+ $11 Rxf6 25. f4 Rg4 $36 {[%mdl 2048] Black fights for an advantage.} 26. Qh3 Rfg6 {[%cal Bf6g6,Bg6g3,Bg3g2][%mdl 32] Strongly threatening ...exf4.} 27. Rf1 Qg7 28. Kh1 $2 {[%mdl 8192]} (28. Qh5 $11) 28... Bc8 29. Qh5 (29. d4 $19 exd4 30. Rg1) 29... Bb7+ {Black mates.} 30. Kg1 {[#]} Rxg3+ $1 {[%mdl 576] Demolition} 31. hxg3 Rxg3+ {[%mdl 64] Double Attack} 32. Kf2 Rg2+ {Accuracy: White = 44%, Black = 54%.} 0-1

[Event "FIDE WCC 2018"]
[Site "Khanty-Mansiysk"]
[Date "2018.11.23"]
[Round "6.6"]
[White "Ju, Wenjun"]
[Black "Lagno, Kateryna"]
[Result "1/2-1/2"]
[WhiteElo "2568"]
[BlackElo "2556"]
[Annotator "TA"]
[PlyCount "135"]
[EventDate "2018.11.03"]
[EventType "k.o."]
[EventCountry "RUS"]
[SourceTitle "playchess.com"]
[Source "ChessBase"]
[SourceQuality "1"]

{[%evp 13,135,42,37,29,44,39,37,31,28,33,54,26,31,29,33,6,32,7,14,13,25,8,10,10,9,10,17,17,17,17,23,17,17,17,17,17,17,17,17,-4,17,-4,17,-4,17,-4,-4,-6,17,17,18,17,17,7,17,17,20,21,14,12,28,26,38,38,38,38,38,38,38,37,29,30,38,38,38,31,31,1,1,1,43,43,43,43,43,43,43,43,43,43,44,29,51,30,30,30,30,29,29,29,29,29,29,29,29,29,29,29,29,29,29,0,30,30,30,30,30,30,30,0,30,0,30,0]} 1. d4 d5 2. c4 dxc4 3. e4 Nf6 4. e5 Nd5 5. Bxc4 Nb6 6. Bd3 Nc6 7. Ne2 Bg4 8. f3 {D20: Queen's Gambit Accepted: 3 e3 and 3 e4} Bh5 (8... Be6 9. Nbc3 Qd7 10. a4 Bc4 11. Bxc4 Nxc4 12. b3 Nb6 13. e6 fxe6 14. Ne4 e5 15. a5 Nd5 16. dxe5 e6 17. O-O Nxe5 {1-0 (37) Korobov,A (2685)-Predke,A (2612) Biograd 2018}) 9. Nbc3 e6 10. Be3 {White is slightly better.} Bg6 11. Bb5 Be7 12. Bxc6+ $146 ({Predecessor:} 12. Nf4 O-O 13. Nxg6 hxg6 14. O-O Nb4 15. Rc1 N6d5 16. Nxd5 Nxd5 {0-1 (41) Maslik,M (2376)-Varga,Z (2455) Slovakia 2012}) 12... bxc6 13. Nf4 Bf5 14. Qe2 O-O 15. O-O h6 16. Rac1 Qd7 17. Rfd1 a5 18. Ne4 Nd5 19. Nc5 Bxc5 20. Rxc5 Nxf4 21. Bxf4 Rfb8 22. Qd2 Rb5 23. Rxb5 cxb5 24. Rc1 a4 25. a3 c6 26. Rc5 Rc8 27. h3 Bg6 28. Be3 Bf5 29. Qc1 Bd3 30. Rc3 Bg6 31. Kf2 Bf5 32. h4 h5 33. Qd2 Qd5 34. Rc5 Qb3 35. Qc3 Qxc3 36. Rxc3 $11 {[%mdl 4096] Endgame KRB-KRB} Kf8 37. Kg3 Ke8 38. Kf4 Kd7 39. g4 Bg6 40. Rc1 Rb8 41. Rg1 Rh8 42. Bf2 Rg8 43. Be1 Rh8 44. Rg2 Rg8 45. gxh5 Bxh5 46. Rg5 g6 47. Bb4 Rh8 48. Bc5 Ke8 49. Rg3 Rh7 50. Rg1 Kd7 51. Bb4 Rh8 52. Re1 Rg8 53. Re3 g5+ 54. hxg5 Bg6 55. Re1 Rh8 56. Kg3 Bf5 57. Bd2 Rh3+ 58. Kg2 Rh4 59. Be3 Rh8 60. Rc1 Bh3+ 61. Kg3 Bf5 62. Bf2 Rh3+ 63. Kg2 Rh5 64. Be3 Bh3+ 65. Kg3 Bf5 66. Kg2 Bh3+ 67. Kg3 Bf5 68. Kg2 {Accuracy: White = 66%, Black = 58%.} 1/2-1/2

[Event "FIDE WCC 2018"]
[Site "Khanty-Mansiysk"]
[Date "2018.11.23"]
[Round "6.6"]
[White "Lagno, Kateryna"]
[Black "Ju, Wenjun"]
[Result "1/2-1/2"]
[WhiteElo "2556"]
[BlackElo "2568"]
[Annotator "TA"]
[PlyCount "102"]
[EventDate "2018.11.03"]
[EventType "k.o."]
[EventCountry "RUS"]
[SourceTitle "playchess.com"]
[Source "ChessBase"]
[SourceQuality "1"]

{[%evp 33,102,14,14,12,21,34,14,27,18,0,10,5,4,5,1,7,33,5,5,6,7,5,15,7,8,8,27,23,22,22,30,30,30,30,30,29,29,29,31,27,28,24,24,24,39,21,21,5,5,0,5,5,5,5,5,5,5,5,5,5,5,5,37,37,37,7,37,37,37,37,37]} 1. Nf3 d5 2. g3 Nf6 3. Bg2 c5 4. O-O Nc6 5. d4 e6 6. c4 dxc4 7. dxc5 Qxd1 8. Rxd1 Bxc5 9. Nbd2 c3 10. bxc3 O-O 11. Nb3 Be7 12. c4 Bd7 13. Bb2 {E04: Open Catalan: 5 Nf3} Rfd8 14. Nfd4 Rac8 15. Nb5 b6 16. Nd6 Bxd6 17. Rxd6 Be8 {LiveBook: 7 Games} 18. Rd3 Nb4 19. Rxd8 Rxd8 20. Bc3 a5 {[#]} 21. Nd2 $146 Bc6 22. a3 Bxg2 $1 23. axb4 axb4 24. Bxb4 Bb7 (24... Ra8 {is more complex.} 25. Rb1 Bh3 26. f3 Nd7 27. Kf2 h5) 25. f3 (25. Ra7 {feels hotter.} Rd7 26. f3 Ne8 27. Kf2 f6 28. e4) 25... Ra8 26. Rxa8+ Bxa8 $11 {[%mdl 4096] Endgame KBN-KBN} 27. Kf2 Nd7 28. Ke3 f6 29. Ne4 Kf7 30. Nd6+ Ke7 31. Nc8+ {[%mdl 64] [#] Discovered Attack (Double check)} Kd8 32. Nxb6 Nxb6 33. Ba5 Kc7 {...Kc6 is the strong threat.} 34. c5 Kc6 35. Bxb6 {KB-KB} Kd7 36. g4 {[%cal Bg3g4,Bg4g5][%mdl 32]} e5 37. f4 exf4+ 38. Kxf4 Ke6 39. h4 g6 40. g5 f5 $1 41. Bc7 Bb7 42. Bd6 Bc6 43. Kg3 Bb7 44. h5 Ba6 45. hxg6 hxg6 46. Kf3 Bb7+ 47. Ke3 Bc6 48. Kd4 Bb7 49. Kc3 Bc6 50. Kb4 Kd7 51. Ka5 Bd5 {Accuracy: White = 68%, Black = 61%.} 1/2-1/2

[Event "FIDE WCC 2018"]
[Site "Khanty-Mansiysk"]
[Date "2018.11.23"]
[Round "6.8"]
[White "Ju, Wenjun"]
[Black "Lagno, Kateryna"]
[Result "1-0"]
[WhiteElo "2568"]
[BlackElo "2556"]
[Annotator "TA"]
[PlyCount "69"]
[EventDate "2018.11.03"]
[EventType "k.o."]
[EventCountry "RUS"]
[SourceTitle "playchess.com"]
[Source "ChessBase"]
[SourceQuality "1"]

{[%evp 10,69,44,31,35,29,41,27,55,43,54,49,56,25,41,35,47,37,41,27,24,33,34,18,12,10,18,-7,4,10,10,0,45,37,50,10,48,0,116,128,111,83,145,147,128,107,100,73,111,1,1,1,2,0,2,4,7,14,25,6,1242,1233]} 1. d4 d6 2. Nf3 g6 3. e4 Bg7 4. Bc4 e6 5. O-O Ne7 6. a4 {LiveBook: 3 Games. B06: Modern Defence} (6. Re1 a6 7. c3 O-O 8. Be3 Nd7 9. Nbd2 h6 10. Nf1 d5 11. exd5 Nb6 12. Bd3 Nbxd5 13. Bd2 Nf5 {½-½ (54) Nihal,S (2572)-Adhiban,B (2668) Douglas 2018}) 6... O-O 7. c3 Nd7 8. a5 {White is slightly better.} Rb8 $146 ({Predecessor:} 8... c5 9. Be3 Qc7 10. Qe2 a6 11. Nbd2 Nc6 12. Nb3 b5 13. axb6 Nxb6 14. dxc5 Nxc4 15. Qxc4 dxc5 16. Nxc5 {½-½ (49) Jaderholm,B (1827)-Stockfelt,J (1335) Naantali 2014}) 9. Qe2 b6 10. axb6 axb6 11. Bf4 Bb7 12. Nbd2 h6 13. h4 Nf6 14. Bg3 d5 15. exd5 Nfxd5 16. Be5 Nf5 17. Bxg7 Kxg7 18. g3 Nf6 19. Ba6 Ba8 20. Bd3 Nd6 21. Rfd1 Nd7 22. Ne4 Nf5 23. Ned2 g5 (23... Nd6 $1 $11 {keeps the balance.}) 24. hxg5 hxg5 25. Be4 Qf6 ({Better is} 25... Nd6) 26. Bxa8 $16 Rxa8 27. Rxa8 Rxa8 28. Kg2 Rh8 29. Rh1 ({Only move:} 29. Ne4 $16 Qh6 30. Nexg5) 29... Rxh1 $11 30. Kxh1 Nd6 31. Ne5 $36 {[%mdl 2048] White is more active.} Qh6+ 32. Kg2 Nf6 33. Ndf3 Nfe4 34. Nh2 Qg6 $2 {[%mdl 8192] [#]} (34... Nf6 $11) 35. Nxg6 {Accuracy: White = 41%, Black = 33%.} 1-0

[Event "FIDE WCC 2018"]
[Site "Khanty-Mansiysk"]
[Date "2018.11.23"]
[Round "6.8"]
[White "Lagno, Kateryna"]
[Black "Ju, Wenjun"]
[Result "0-1"]
[WhiteElo "2556"]
[BlackElo "2568"]
[Annotator "TA"]
[PlyCount "98"]
[EventDate "2018.11.03"]
[EventType "k.o."]
[EventCountry "RUS"]
[SourceTitle "playchess.com"]
[Source "ChessBase"]
[SourceQuality "1"]

{[%evp 14,98,0,0,6,-15,15,10,11,0,0,0,7,0,0,-8,0,0,0,0,0,0,27,9,8,0,0,0,0,0,0,0,7,-48,-48,-52,-52,-50,-50,-56,-51,-54,-43,-43,-45,-54,-39,-47,-29,-29,-15,-20,-23,-23,-8,-8,-8,-109,-25,-179,-179,-535,-535,-907,-906,-853,-535,-888,-891,-891,-801,-4137,-4137,-938,-570,-5439,-4137,-1889,-5370,-4133,-1707,-1171,-939,-5427,-1695,-1352,-925]} 1. Nf3 d5 2. g3 Nf6 3. Bg2 c5 4. O-O Nc6 5. d3 g6 6. Nc3 Bg7 {A08: King's Indian Attack} 7. e4 (7. Rb1 O-O 8. a3 Bg4 9. b4 cxb4 10. axb4 Rc8 11. Bd2 a6 12. b5 axb5 13. Rxb5 b6 14. Qb1 Bxf3 15. Bxf3 Nd4 16. Rxb6 Nxc2 {½-½ (110) Zhao,J (2604)-Christiansen,J (2495) Riadh 2017}) 7... dxe4 8. dxe4 {LiveBook: 3 Games} Bg4 {The position is equal.} 9. Be3 Nd7 $146 ({Predecessor:} 9... b6 10. e5 Qxd1 11. Raxd1 Nd7 12. e6 fxe6 13. h3 Bxf3 14. Bxf3 {0-1 (90) Sternik,R (1879)-Payzansky,A (1799) FICGS email 2010}) 10. h3 Bxf3 11. Bxf3 O-O 12. Bg2 Nb6 {[%cal Bd7b6,Bb6c4,Bc4b2][%mdl 32]} 13. Bxc5 Nc4 14. Nd5 (14. Qxd8 {looks sharper.} Rfxd8 15. f4 Rac8 16. e5 Nxb2 17. Rab1) 14... Nxb2 15. Nxe7+ Nxe7 16. Qxd8 Rfxd8 17. Bxe7 Rd2 18. Rac1 Rc8 19. Bg5 Rdxc2 20. Rxc2 Rxc2 21. Rc1 Rxc1+ 22. Bxc1 $11 {[%mdl 4096] Endgame KBB-KBN} Bd4 23. Bf1 (23. Bxb2 $11 Bxb2 24. Bf1) 23... Nd1 $15 24. Kg2 Nxf2 25. Kf3 Nd1 26. Bc4 Nc3 27. Bd2 Na4 28. Bd5 b6 29. Bf4 Nc3 30. Bb3 Kg7 31. e5 a5 32. e6 fxe6 33. Bxe6 b5 34. Bc7 Kf6 35. Bd7 (35. Bg8 $11 {keeps the balance.}) 35... a4 ({Reject} 35... Nxa2 $6 36. Bxb5 Nc3 37. Bc4 $11) ({Better is} 35... Ke7 $17 36. Bc6 a4) 36. Ba5 $2 {[#]} (36. Bd6 $11) 36... Nxa2 $19 {Strongly threatening ...a3.} 37. Bxb5 $2 (37. Ke4 {nothing else works.} Bc3 38. Bd8+ Kg7 39. Kd3) 37... a3 {Black is clearly winning.} 38. Ke4 Bb2 39. Bc4 {[#]} Nc1 $1 40. Bd2 a2 41. Bxa2 Nxa2 42. Kd3 Bc1 43. Ba5 Ba3 44. Kc2 Bb4 45. Bd8+ Be7 46. Ba5 Nb4+ 47. Kd2 Bd6 48. g4 Nc6 49. Bb6 Ke5 {Accuracy: White = 36%, Black = 57%.} 0-1